[Event "Mark Pinto IM"]
[Site "San Francisco USA"]
[Date "2004.07.23"]
[Round "3"]
[White "Zilberstein,Dm"]
[Black "Pruess,D"]
[Result "1/2-1/2"]
[WhiteElo "2392"]
[BlackElo "2371"]

1.d4 f5 2.Nf3 Nf6 3.g3 g6 4.Bg2 Bg7 5.O-O O-O 6.c4 d6 7.Nc3 Qe8 8.d5 e5 9.dxe6 Qxe6
10.c5 dxc5 11.Ng5 Qe7 12.Bxb7 Bxb7 13.Qb3+ Kh8 14.Qxb7 Nbd7 15.Qxc7 Rfc8
16.Qd6 Qxd6 17.Nf7+ Kg8 18.Nxd6 Rc6 19.Nc4 Nb6 20.Nxb6 axb6 21.Rd1 Re6 22.e3 Ra5
23.a4 Ne4 24.Nb5 c4 25.Rd8+ Kf7 26.Nd4 Re8 27.Rd7+ Kg8 28.Rc7 b5 29.Nxb5 Rea8
30.f3 Ng5 31.Nd4 Bxd4 32.exd4 Nxf3+ 33.Kf2 Nxd4 34.Rxc4 Nb3 35.Ra3 Nxc1 36.Rxc1 Rxa4
37.Rxa4 Rxa4 38.Rb1 Rb4 39.Ke3 h5 40.h4  1/2-1/2

[Event "ACT Open"]
[Site "Amsterdam NED"]
[Date "2004.07.24"]
[Round "8"]
[White "Blees,A"]
[Black "Van der Elburg,F"]
[Result "1/2-1/2"]
[WhiteElo "2400"]
[BlackElo "2223"]

1.d4 f5 2.g3 Nf6 3.Bg2 g6 4.Nf3 Bg7 5.O-O O-O 6.c4 d6 7.Nc3 c6 8.Rb1 Na6
9.b4 Ne4 10.Nxe4 fxe4 11.Ng5 d5 12.cxd5 cxd5 13.f3 h6 14.Nh3 exf3 15.exf3 Bf5
16.Rb2 Qb6 17.Be3 Qe6 18.Re2 Bxh3 19.Bxh6 Qd7 20.Bxh3 Qxh3 21.Bxg7 Kxg7 22.Rxe7+ Rf7
23.Rxf7+ Kxf7 24.g4 Qh8 25.Qd2 Re8 26.Rc1 Qf6 27.Kg2 Kg7 28.b5 Nb8 29.Rc7+ Re7
30.Qc2 Nc6 31.Rxe7+ Nxe7 32.Qc7 Kf7 33.Qxb7 Qxd4 34.h4 Qc5 35.Qb8 d4 36.Qf4+ Kg7
37.Qe4 Qd6 38.Kf1 Kf7 39.h5 gxh5 40.gxh5 d3 41.Ke1 d2+ 42.Kd1 Qh2  1/2-1/2

[Event "Open"]
[Site "Balatonlelle HUN"]
[Date "2004.07.27"]
[Round "9"]
[White "Liptay,L"]
[Black "Kun,G"]
[Result "1/2-1/2"]
[WhiteElo "2372"]
[BlackElo "2354"]

1.d4 f5 2.Nf3 Nf6 3.g3 g6 4.Bg2 Bg7 5.O-O O-O 6.c4 d6 7.Nc3 Nc6 8.d5 Na5
9.Qa4 c5 10.dxc6 Nxc6  1/2-1/2

[Event "Open Dutch Champ"]
[Site "Dieren NED"]
[Date "2004.08.02"]
[Round "6"]
[White "De Saegher,C"]
[Black "Van Blitterswijk,S"]
[Result "1/2-1/2"]
[WhiteElo "2207"]
[BlackElo "2406"]

1.d4 f5 2.g3 Nf6 3.Bg2 g6 4.Nf3 Bg7 5.O-O O-O 6.c4 d6 7.Nc3 c6 8.d5 e5 9.dxe6 Bxe6
10.b3 Na6 11.Bb2 Qe7 12.Nd4 Bf7 13.Qd2 Nc5 14.Rad1 Nce4 15.Nxe4 fxe4 16.Nc2 Rad8
17.Ba3 Qe6 18.Qf4 c5  1/2-1/2

[Event "FSGM August"]
[Site "Budapest HUN"]
[Date "2004.08.07"]
[Round "1"]
[White "Berczes,D"]
[Black "Hoang Thanh Trang"]
[Result "1-0"]
[WhiteElo "2351"]
[BlackElo "2455"]

1.d4 f5 2.g3 Nf6 3.Bg2 g6 4.Nf3 Bg7 5.O-O O-O 6.c4 d6 7.Nc3 Qe8 8.d5 a5 9.Be3 Na6
10.Qd2 Ng4 11.Bf4 Nc5 12.Nd4 Bd7 13.h3 Ne5 14.b3 c6 15.Bh6 Bxh6 16.Qxh6 Nf7
17.Qd2 cxd5 18.cxd5 b5 19.a3 Qb8 20.b4 axb4 21.axb4 Ne4 22.Nxe4 fxe4 23.Bxe4 Bxh3
24.Rfc1 Rxa1 25.Rxa1 Ne5 26.f4 Nc4 27.Qd3 Rf6 28.Nc6 Qf8 29.Ra7 Rf7 30.Rb7 Qg7
31.Rxb5 Qa1+ 32.Kh2 Qc1 33.Rb8+ Kg7 34.Qc2 Qf1 35.Qxc4 Rf5 36.Qc3+ Rf6 37.Qf3 Qe1
38.Kxh3 g5 39.Qh5 Rg6 40.fxg5 Qf1+ 41.Bg2 Qf5+ 42.Qg4  1-0

[Event "Australian Masters"]
[Site "Melbourne AUS"]
[Date "2004.08.11"]
[Round "8"]
[White "Froehlich,P"]
[Black "West,G"]
[Result "1-0"]
[WhiteElo "2388"]
[BlackElo "2362"]

1.Nf3 f5 2.d4 Nf6 3.g3 g6 4.Bg2 Bg7 5.O-O O-O 6.c4 d6 7.Nc3 Qe8 8.d5 Na6
9.Rb1 c6 10.dxc6 bxc6 11.b4 Bd7 12.Qa4 Nc7 13.Qa5 Ne6 14.Bb2 Qd8 15.Qa4 a6
16.c5 d5 17.Qb3 a5 18.a3 axb4 19.axb4 Rb8 20.Na4 Ne4 21.Bxg7 Nxg7 22.Nb6 Be8
23.e3 g5 24.Qb2 e6 25.Ra1 Rf7 26.Ra2 Rfb7 27.Rfa1 Qc7 28.Ne5 Qe7 29.f3 Nf6
30.Qd4 h5 31.Ra8 Kh7 32.h4 g4 33.Qf4 Qc7 34.Rxb8 Rxb8 35.Nxg4 Qxf4 36.Nxf6+ Kg6
37.gxf4 Kxf6 38.Kf2 e5 39.fxe5+ Kxe5 40.f4+ Kf6 41.Bf3 Ne6 42.Bxh5 d4 43.Be2 dxe3+
44.Kxe3 Rb7 45.Ra8 Re7 46.Nc8 Rh7 47.Nd6 Bg6 48.Bc4 Rxh4 49.Bxe6 Kxe6 50.Rg8 Rg4
51.Nc4 Rg3+ 52.Kf2 Rg4 53.Kf3 Rg1 54.Kf2 Rg4 55.Ke3 Rg3+ 56.Kd4 Rg4 57.Kc3 Rg3+
58.Kb2 Rg4 59.Ka3 Bh5 60.Rh8 Rxf4 61.Rh6+ Ke7 62.Ne5 Be8 63.Nxc6+ Bxc6 64.Rxc6 Rf1
65.Rc7+ Ke6 66.Rc8 Ke7 67.Rh8 f4 68.Rh7+ Ke6 69.Ka4 f3 70.Kb5 f2 71.Rh2 Kd7
72.c6+ Kc7 73.Rh7+ Kc8 74.Rf7 Kd8 75.Kb6 Ke8 76.Rf4 Rb1 77.c7 Kd7 78.Rd4+ Ke7
79.c8=Q f1=Q 80.Qc7+ Ke6 81.Rd6+ Kf5 82.Qf7+ Ke4 83.Qe7+  1-0

[Event "HZ Open"]
[Site "Vlissingen NED"]
[Date "2004.08.12"]
[Round "7"]
[White "Van Beek,A"]
[Black "Naalden,M"]
[Result "1-0"]
[WhiteElo "2255"]
[BlackElo "2067"]

1.d4 f5 2.g3 Nf6 3.Bg2 g6 4.Nf3 Bg7 5.O-O O-O 6.c4 d6 7.Nc3 Qe8 8.d5 e5 9.dxe6 Qxe6
10.Nd5 Na6 11.Nd4 Qd7 12.Bf4 c6 13.Nxf6+ Bxf6 14.Qd2 Nc7 15.Rfd1 Be5 16.Nf3 Bxf4
17.Qxf4 d5 18.Ne5 Qe7 19.cxd5 Nxd5 20.Bxd5+ cxd5 21.Rxd5 Be6 22.Rd2 g5 23.Qa4 f4
24.Rad1 Qf6 25.Nd7 Bxd7 26.Rxd7 fxg3 27.fxg3 Qf2+ 28.Kh1 Rae8 29.Qb3+ Kh8
30.Qxb7 Qf5 31.Qg2 Qc5 32.Qb7 Qf5 33.Re7 Rd8 34.Rc1 Rb8 35.Qe4 Qxe4+ 36.Rxe4 Rxb2
37.Rc7 Rxa2 38.Ree7 Rd8 39.Rxa7 Rxa7 40.Rxa7 Re8 41.Ra2 Kg7 42.Kg2 Rf8 43.Ra3 g4
44.Ra4 h5 45.Rf4 Rb8 46.Kf2 Kg6 47.Ke3 Kg5 48.Rd4 Rb1 49.Kf2 Rb5 50.Re4 h4
51.gxh4+ Kxh4 52.Re8 Rb3 53.Re3 Rb4 54.Rg3 Ra4 55.Ke3 Ra3+ 56.Kf4 Ra4+ 57.e4 Kh5
58.Kf5 Ra2 59.Rxg4 Rxh2 60.Rg8 Rf2+ 61.Ke6 Ra2 62.e5  1-0

[Event "FSGM September"]
[Site "Budapest HUN"]
[Date "2004.09.07"]
[Round "4"]
[White "Berczes,D"]
[Black "Grafl,F"]
[Result "1/2-1/2"]
[WhiteElo "2351"]
[BlackElo "2411"]

1.d4 f5 2.g3 g6 3.Bg2 Nf6 4.Nf3 Bg7 5.O-O O-O 6.c4 d6 7.Nc3 Qe8 8.d5 Na6
9.Rb1 c5 10.dxc6 bxc6 11.b4 Bd7 12.a3 Nc7 13.Bb2 Rb8 14.c5 dxc5 15.bxc5 Ng4
16.h3 Nh6 17.Qd2 Nf7 18.Ba1 Rxb1 19.Rxb1 Qc8 20.Nd4 Na6 21.Na4 e5 22.Nb3 f4
23.Kh2 Rd8 24.Qc3 Nc7 25.Na5 Qa6 26.e3 fxe3 27.fxe3 Qe2 28.Qe1 Qc2 29.Qd1 Qf2
30.Qe1 Qc2 31.Qd1 Qf2 32.Qe1  1/2-1/2

[Event "TCh-CRO u20"]
[Site "Rabac CRO"]
[Date "2004.09.09"]
[Round "5"]
[White "Jerbic,V"]
[Black "Brenc,T"]
[Result "1/2-1/2"]
[WhiteElo "2065"]
[BlackElo "1954"]

1.d4 f5 2.Nf3 Nf6 3.g3 g6 4.Bg2 Bg7 5.O-O O-O 6.c4 d6 7.Nc3 Qe8 8.d5 Na6
9.Nd4 Bd7 10.Rb1 c6 11.b4 Nxb4 12.a3 Na6 13.Rxb7 Nc5 14.Rb1 Nfe4 15.Nxe4 Nxe4
16.Qd3 cxd5 17.cxd5 Nc5 18.Qd1 Rc8 19.Be3 a6 20.Nc6 Ne4 21.Bxe4 fxe4 22.Nd4 Qf7
23.Qb3 Bxd4 24.Bxd4 Bb5 25.Ba1 h5 26.Qe3 Kh7 27.Qxe4 Rc4 28.Qe6 Qxe6 29.dxe6 Re4
30.Rfe1 Rxe6 31.e3 d5 32.Rbd1 Bc4 33.Bb2  1/2-1/2

[Event "TCh-CRO u20"]
[Site "Rabac CRO"]
[Date "2004.09.13"]
[Round "9"]
[White "Bosiocic,Mari"]
[Black "Pavic,J"]
[Result "1-0"]
[WhiteElo "2308"]
[BlackElo "2020"]

1.Nf3 f5 2.d4 g6 3.g3 Bg7 4.Bg2 Nf6 5.O-O O-O 6.c4 d6 7.b4 c6 8.Bb2 Qe8 9.a4 Nbd7
10.Qb3 d5 11.cxd5 cxd5 12.Nc3 e6 13.Nb5 Qd8 14.Rac1 Nb6 15.Ne5 Ne4 16.Rc2 a6
17.Bxe4 axb5 18.Bd3 bxa4 19.Qa2 Bxe5 20.dxe5 Bd7 21.Bd4 Rc8 22.Bc5 Rf7 23.Rfc1 Na8
24.b5 Qa5 25.Qb2 f4 26.Qd4 Bxb5 27.Bb4 Rxc2 28.Rxc2 Qa6 29.Rc8+ Kg7 30.Bxb5 Qxb5
31.Rxa8 Qxe2 32.Rxa4 fxg3 33.hxg3 Rf5 34.Ra7 Rh5 35.Rxb7+ Kh6 36.Qf4+  1-0

[Event "79th ch-ARG"]
[Site "Buenos Aires ARG"]
[Date "2004.09.26"]
[Round "3"]
[White "Ferrara,A"]
[Black "Dolezal,C"]
[Result "0-1"]
[WhiteElo "2235"]
[BlackElo "2410"]

1.d4 g6 2.Nf3 Bg7 3.g3 f5 4.c4 Nf6 5.Bg2 O-O 6.O-O c6 7.Nc3 Ne4 8.Nxe4 fxe4
9.Ng5 d5 10.f3 h6 11.Nh3 dxc4 12.Be3 exf3 13.Rxf3 Rxf3 14.exf3 Be6 15.Nf4 Bf7
16.Qd2 Na6 17.Ne2 Qf8 18.Qa5 Rd8 19.Rf1 Rd5 20.Qa4 Rb5 21.Rb1 Qd8 22.Bf1 Ra5
23.Qc2 Rxa2 24.Qd2 Kh7 25.h4 Ra5 26.Nf4 e5 27.dxe5 Qxd2 28.Bxd2 Rxe5 29.h5 gxh5
30.Rc1 Rg5 31.Bxc4 Bxc4 32.Rxc4 Rxg3+ 33.Kf2 Rg5 34.Ne6 Rd5 35.Be3 Be5 36.Bxa7 Rd6
37.Nf4 Bxb2 38.Nxh5 c5 39.f4 Bd4+ 40.Kf3 b5 41.Rc2 b4 42.f5 b3 43.Re2 b2
44.Re7+ Kg8 45.Rb7 Nb4  0-1

[Event "79th ch-ARG"]
[Site "Buenos Aires ARG"]
[Date "2004.09.27"]
[Round "5"]
[White "Recoulat,E"]
[Black "Ibanez,F"]
[Result "1/2-1/2"]
[WhiteElo "2301"]
[BlackElo "2093"]

1.d4 f5 2.Nf3 Nf6 3.g3 g6 4.Bg2 Bg7 5.O-O O-O 6.c4 d6 7.Nc3 c6 8.d5 e5 9.dxe6 Bxe6
10.Qd3 Ng4 11.b3 Na6 12.Bb2 Nc5 13.Qc2 a5 14.h3 Nf6 15.Rfd1 Qe7 16.e3 Rad8
17.Nd4 Bf7 18.Nde2 Nfd7 19.Rd2 Nb6 20.Rad1 Rd7 21.h4 Rfd8 22.Nf4 h6 23.Nd3 a4
24.Nf4 axb3 25.axb3 Ra8 26.Ra1 Rdd8 27.Rdd1 Rxa1 28.Bxa1 Ra8 29.Bf3 Kh7 30.h5 gxh5
31.Qxf5+ Kg8 32.Nxh5 Bxh5 33.Qxh5 Nxb3 34.Qg6 Nxc4 35.Nd5 Qf7 36.Nf6+ Kf8
37.Nh7+ Ke8 38.Nf6+ Kf8 39.Nh7+ Kg8  1/2-1/2

[Event "Monarch Assurance"]
[Site "Port Erin IOM"]
[Date "2004.10.02"]
[Round "8"]
[White "Kolbus,D"]
[Black "Fraser Mitchell,J"]
[Result "1-0"]
[WhiteElo "2303"]
[BlackElo "2082"]

1.c4 f5 2.Nf3 Nf6 3.g3 g6 4.Bg2 Bg7 5.O-O O-O 6.d4 d6 7.Nc3 Qe8 8.Re1 Na6
9.e4 fxe4 10.Nxe4 Nxe4 11.Rxe4 Bf5 12.Re3 Qd7 13.Rb3 Rab8 14.Nh4 Bg4 15.Bd5+ Kh8
16.f3 Be6 17.Bg5 Bxd5 18.cxd5 Qa4 19.Rd3 Qxd1+ 20.Raxd1 Nb4 21.Ra3 a6 22.Bxe7 Rf7
23.Bg5 Nxd5 24.Rb3 h6 25.Nxg6+ Kh7 26.Nf4 Nb6 27.Bh4 Nc4 28.Ne6 Bh8 29.Nd8 Rf8
30.Nxb7 c5 31.dxc5 dxc5 32.Rd7+ Kg6 33.f4 Bd4+ 34.Kg2 a5 35.Rb5 Nxb2 36.Rb6+ Kf5
37.Kf3 Nc4 38.g4+  1-0

[Event "Extraliga CZE 2004-5"]
[Site "Czech Rep CZE"]
[Date "2004.11.06"]
[Round "1"]
[White "Bernasek,J"]
[Black "Sluka,R"]
[Result "1-0"]
[WhiteElo "2384"]
[BlackElo "2334"]

1.d4 f5 2.c4 Nf6 3.Nf3 g6 4.g3 Bg7 5.Bg2 O-O 6.O-O d6 7.Nc3 c6 8.b3 h6 9.Bb2 g5
10.d5 c5 11.Qc2 Na6 12.a3 Nc7 13.Rfe1 Qe8 14.e4 Ng4 15.h3 Ne5 16.Nxe5 Bxe5
17.Nb5 Nxb5 18.Bxe5 dxe5 19.cxb5 f4 20.Qc3 f3 21.Bxf3 Bxh3 22.Bg2 Bxg2 23.Kxg2 Qxb5
24.Qxe5 Qxb3 25.Qe6+ Rf7 26.Qg6+ Rg7 27.Qxh6 Qb6 28.Qh5 Rf8 29.Re2 Qg6 30.Qxg6 Rxg6
31.Rb1 b6 32.a4 g4 33.Rb3 Rgf6 34.e5 Rf3 35.Rbe3 Rd8 36.Re4 Rf5 37.Rxg4+ Kf8
38.Rge4 Rxd5 39.g4 Rg5 40.Kg3 e6 41.f4 Rg7 42.Kf3 Rd3+ 43.R4e3 Rd1 44.Re1 Rd4
45.Re4 Rd3+ 46.R1e3 Rd1 47.Re1 Rd3+ 48.R1e3 Rd1 49.Re1 Rgd7 50.f5 a6 51.f6 Kf7
52.Kf4 b5 53.axb5 axb5 54.Rxd1 Rxd1 55.Re2 Kg6 56.Ra2 b4 57.Ra7 Rf1+ 58.Ke3 Re1+
59.Kf4 Rf1+ 60.Ke3 b3 61.Rb7 c4 62.Kd4 Rf4+ 63.Kc3 Kh6 64.Rb8 Re4 65.f7  1-0

[Event "Extraliga CZE 2004-5"]
[Site "Czech Rep CZE"]
[Date "2004.11.06"]
[Round "1"]
[White "Rubal,A"]
[Black "Michalek,J"]
[Result "0-1"]
[WhiteElo "2225"]
[BlackElo "2363"]

1.d4 g6 2.c4 f5 3.g3 Nf6 4.Bg2 Bg7 5.Nf3 O-O 6.O-O d6 7.Nc3 Nc6 8.d5 Ne5
9.Nxe5 dxe5 10.Qb3 Kh8 11.Bd2 h6 12.a4 g5 13.a5 a6 14.Na4 e4 15.Nc5 b6 16.Na4 b5
17.cxb5 axb5 18.Qxb5 Ba6 19.Qc6 Qxd5 20.Qxd5 Nxd5 21.Rfe1 Rfb8 22.Rab1 e6
23.Bf1 Bf8 24.Rec1 Bb4 25.Bxb4 Rxb4 26.Nc3 Bc4 27.e3 Rxa5 28.Bxc4 Rxc4 29.Nxd5 exd5
30.Rxc4 dxc4 31.Rc1 Ra4 32.Kf1 Kg7 33.Ke2 Kf6 34.Kd2 Ke5 35.Kc3 Kd5 36.Rd1+ Kc5
37.Rd7 Ra1 38.Rxc7+ Kd5 39.Rd7+ Ke6 40.Rh7 Kd5 41.Rxh6 Rc1+ 42.Kd2 Rf1 43.Ke2 Rb1  0-1

[Event "TCh-ISL 2004-5"]
[Site "Reykjavik ISL"]
[Date "2004.11.19"]
[Round "1"]
[White "Stefansson,H"]
[Black "Asmundsson,I"]
[Result "0-1"]
[WhiteElo "2549"]
[BlackElo "2274"]

1.d4 f5 2.g3 Nf6 3.Bg2 g6 4.Nf3 Bg7 5.O-O O-O 6.c4 d6 7.Nc3 Qe8 8.b3 c6 9.Ba3 Na6
10.Qd3 Nh5 11.Rae1 Qd8 12.Qd2 Qa5 13.Qb2 Nb4 14.Rd1 e5 15.dxe5 dxe5 16.e4 f4
17.Na4 c5 18.Qc3 Bg4 19.Rd5 b6 20.Bxb4 Qxb4 21.Nxe5 Qxc3 22.Nxc3 Be6 23.g4 f3
24.Nxf3 Bxg4 25.Ne5 Be6 26.Nxg6 hxg6 27.Rd6 Bxc3 28.Rxe6 Nf4 29.Re7 Rf7 30.Rxf7 Kxf7  0-1

[Event "TCh-ISL 2004-5"]
[Site "Reykjavik ISL"]
[Date "2004.11.21"]
[Round "4"]
[White "Einarsson,H"]
[Black "Kristjansson,B"]
[Result "1/2-1/2"]
[WhiteElo "2295"]
[BlackElo "2302"]

1.d4 f5 2.Nf3 Nf6 3.g3 g6 4.Bg2 Bg7 5.O-O O-O 6.c4 d6 7.Nc3 Nc6 8.d5 Na5
9.Qa4 b6 10.Nd2 Bd7 11.Qc2 c5 12.b3 a6 13.Bb2 Rb8 14.h3 e5 15.dxe6 Bxe6 16.Qd3 Qd7
17.Rad1 Nc6 18.Nf3 Rbd8 19.Ng5 Ne5 20.Qc2 Nf7 21.Nxe6 Qxe6 22.Rd2 Ng5 23.Nd5 Nge4
24.Nxf6+ Bxf6 25.Rfd1 Kg7 26.Rd3 Bxb2 27.Qxb2+ Qf6 28.Qxf6+ Rxf6 29.g4 Kf7
30.gxf5 gxf5 31.Bxe4 fxe4 32.Rg3 Rg8 33.Rxg8 Kxg8 34.Rd5 h6 35.Kg2 Kf7 36.Kg3 Ke6
37.Rh5 b5 38.f4 exf3 39.exf3 bxc4 40.bxc4 Kd7 41.f4 Rg6+ 42.Kf3 Rg1 43.Rxh6 Rc1
44.Rh7+ Ke6 45.Ra7 Rxc4 46.Rxa6 Kf5 47.Rxd6 Rc3+ 48.Ke2  1/2-1/2

[Event "17th Belgrade Trophy"]
[Site "Obrenovac SCG"]
[Date "2004.11.26"]
[Round "5"]
[White "Zendilovska,K"]
[Black "Todorovic,GM"]
[Result "0-1"]
[WhiteElo "2159"]
[BlackElo "2540"]

1.d4 f5 2.Nf3 Nf6 3.g3 g6 4.Bg2 Bg7 5.O-O O-O 6.c4 c6 7.Nc3 Ne4 8.Qb3 Kh8
9.Bf4 d6 10.Rfd1 Nxc3 11.bxc3 Qe8 12.d5 Na6 13.Nd4 Nc5 14.Qc2 Bd7 15.Nb3 Na4
16.Rd3 Rc8 17.Re1 cxd5 18.Bxd5 Nb6 19.Bxb7 Rxc4 20.Qd2 Qb8 21.Bg2 Qc7 22.Bh6 Na4
23.Bxg7+ Kxg7 24.Qg5 Rf6 25.e4 e5 26.Red1 Bc8 27.exf5 Bxf5 28.Rd5 Nxc3 29.Na5 Rg4
30.Qd2 Nxd5 31.Qxd5 Be6 32.Qxd6 Qxa5 33.Bh3 Bf7 34.Qxf6+ Kxf6 35.Bxg4 Qxa2
36.Rd6+ Kg5  0-1

[Event "17th Belgrade Trophy"]
[Site "Obrenovac SCG"]
[Date "2004.11.30"]
[Round "9"]
[White "Pushkov,N"]
[Black "Kiroski,T"]
[Result "1/2-1/2"]
[WhiteElo "2434"]
[BlackElo "2377"]

1.d4 f5 2.c4 g6 3.g3 Nf6 4.Bg2 Bg7 5.Nf3 O-O 6.O-O d6 7.Nc3 Qe8 8.d5 Na6
9.Rb1 Bd7 10.b4 c6 11.dxc6 bxc6 12.a3 Nc7 13.Bb2 h6 14.c5 d5 15.Ne5 Ng4 16.Nxd7 Qxd7
17.b5 Rad8 18.b6 Ne6 19.Na4 Ne5 20.Qc2 Nc4 21.Bxg7 Nxg7 22.Qc1 Kh7 23.Rd1 Qb7
24.Rb3 Ne6 25.Qc3 Qa6 26.Rb4 axb6 27.Nxb6 Nxb6 28.Rxb6 Qa4 29.Rdb1 Qd4 30.Qxd4 Nxd4
31.e3 Ne2+ 32.Kf1 Nc3 33.Rc1 Ne4 34.Rxc6 Rc8 35.Rxc8 Rxc8 36.Bxe4 fxe4 37.Ke2 Kg7
38.f4 exf3+ 39.Kxf3 Kf6 40.h4 Ke5 41.a4 Ra8 42.c6 Kd6 43.c7 Rc8 44.Ke2 e5
45.Kd3 Rxc7 46.Rxc7 Kxc7 47.Kc3 Kb6 48.Kb4 h5 49.a5+ Kc6  1/2-1/2

[Event "III Pereyra Mem"]
[Site "Mendoza ARG"]
[Date "2004.12.16"]
[Round "8"]
[White "Panno,O"]
[Black "Sanes,V"]
[Result "1-0"]
[WhiteElo "2482"]
[BlackElo "2253"]

1.Nf3 f5 2.g3 g6 3.Bg2 Bg7 4.d4 Nf6 5.O-O O-O 6.c4 d6 7.Nc3 Qe8 8.d5 Na6
9.Rb1 e5 10.dxe6 Bxe6 11.Nd4 c6 12.b3 Nc5 13.Qc2 a5 14.Ba3 Rd8 15.Rbd1 Bf7
16.e3 Nfe4 17.Nxe4 Nxe4 18.g4 Nc3 19.Qxc3 c5 20.gxf5 cxd4 21.exd4 gxf5 22.Bxb7 Kh8
23.Bf3 Rg8 24.Kh1 Bh5 25.Rg1 Rd7 26.Rde1 Bxf3+ 27.Qxf3 Re7 28.Re3 Re4 29.Bxd6 Bxd4
30.Rxg8+ Kxg8 31.Rxe4 fxe4 32.Qg4+ Bg7 33.Bf4 h5 34.Qf5 Kh8 35.Kg2 Bd4 36.Qxa5 e3
37.fxe3 Qe4+ 38.Kg3 h4+ 39.Kxh4 Bf6+ 40.Kg3 Qg6+ 41.Kf3 Qb1 42.Qh5+  1-0

[Event "21st Open"]
[Site "Boeblinger GER"]
[Date "2004.12.30"]
[Round "9"]
[White "Knitl,A"]
[Black "Riedel,Ho"]
[Result "0-1"]
[WhiteElo "2136"]
[BlackElo "2284"]

1.Nf3 f5 2.d4 Nf6 3.g3 g6 4.Bg2 Bg7 5.c4 O-O 6.O-O d6 7.Nc3 Qe8 8.d5 Na6
9.Rb1 Nc5 10.b4 Nce4 11.Bb2 Bd7 12.Nxe4 Nxe4 13.Bxg7 Kxg7 14.Qd4+ Kg8 15.Nd2 Nxd2
16.Qxd2 Qf7 17.c5 f4 18.Qxf4 Qxf4 19.gxf4 Rxf4 20.e3 Rc4 21.Rfc1 Bb5 22.a3 Rxc1+
23.Rxc1 a5 24.cxd6 cxd6 25.Bh3 axb4 26.axb4 Kf7 27.Rc7 b6 28.Rb7 Ra4 29.Rxb6 Rxb4
30.Be6+ Kf6 31.h3 Rb1+ 32.Kh2 Bd3 33.Rxb1 Bxb1 34.f4 Bf5 35.Bg8 Kg7 36.Be6 Bxe6
37.dxe6 Kf6 38.Kg3 d5 39.Kg4 h6 40.Kf3 Kxe6 41.e4 d4  0-1

[Event "Czech Christmas"]
[Site "Litomysl CZE"]
[Date "2004.12.31"]
[Round "7"]
[White "Cerveny,P"]
[Black "Bartel,Mi"]
[Result "0-1"]
[WhiteElo "2098"]
[BlackElo "2202"]

1.Nf3 f5 2.g3 Nf6 3.Bg2 g6 4.O-O Bg7 5.c4 O-O 6.d4 d6 7.b3 c6 8.Bb2 d5 9.Nbd2 Kh8
10.Ne5 Be6 11.Rc1 Nbd7 12.f4 a5 13.Nxd7 Qxd7 14.e3 a4 15.c5 axb3 16.axb3 Ne4
17.Qc2 Bf6 18.Ra1 Rab8 19.Nf3 Kg7 20.Ra7 Rh8 21.Ne5 Bxe5 22.dxe5 h5 23.Rd1 Qc8
24.Rd4 h4 25.Bxe4 fxe4 26.Rb4 Kg8 27.gxh4 Bh3 28.e6 Qxe6 29.Kf2 Qg4 30.Qe2 Qg2+
31.Ke1 Qg1+ 32.Kd2 Bg4 33.Ra1 Qxa1 34.Bxa1 Bxe2 35.Bxh8 Bb5 36.Be5 Ra8 37.Kc2 Kh7
38.Kb2 Kh6 39.Rd4 Bd3 40.Ra4 Rxa4 41.bxa4 Kh5 42.Bd6 d4 43.Kc1 dxe3 44.Bxe7 Kg4
45.Kd1 Kxf4 46.Ke1 Ke5 47.a5 Kd5 48.Bf8 Kc4 49.Be7 Kb5 50.Bd6 Kxa5 51.Bc7+ Kb5
52.Bb6 Kc4  0-1

[Event "112th ch-NZL"]
[Site "Wanganui NZL"]
[Date "2005.01.02"]
[Round "1"]
[White "Goodhue,N"]
[Black "Reilly,T"]
[Result "1/2-1/2"]
[WhiteElo "2092"]
[BlackElo "2329"]

1.Nf3 g6 2.c4 f5 3.g3 Nf6 4.Bg2 Bg7 5.O-O O-O 6.d4 d6 7.Nc3 Nc6 8.d5 Na5
9.Qd3 c5 10.b3 a6 11.Bb2 Rb8 12.Rab1 Bd7 13.Nd2 b5 14.Ba1 Qe8 15.e3 g5 16.Ne2 Qh5
17.f4 h6 18.a3 Kh8 19.Bc3 b4 20.Bb2 Nb7 21.a4 Nd8 22.Rbe1 Rg8 23.Nf3 Nf7
24.Ba1  1/2-1/2

[Event "10th HIT Open A"]
[Site "Nova Gorica SLO"]
[Date "2005.01.29"]
[Round "2"]
[White "Jelen,Ig"]
[Black "De Val,D"]
[Result "1-0"]
[WhiteElo "2346"]
[BlackElo "2144"]

1.d4 f5 2.c4 Nf6 3.g3 g6 4.Bg2 Bg7 5.Nf3 O-O 6.O-O d6 7.Nc3 Nc6 8.d5 Na5
9.Nd2 c5 10.a3 Ng4 11.Qc2 Ne5 12.b3 a6 13.Bb2 Rb8 14.Nd1 b5 15.f4 Ng4 16.Bxg7 Kxg7
17.h3 Nf6 18.Nf2 bxc4 19.bxc4 Bd7 20.Rfe1 h6 21.e4 fxe4 22.Nfxe4 Nxe4 23.Rxe4 Bf5
24.Qc3+ Kg8 25.Re3 Rf7 26.Rae1 Rb7 27.Kh2 Qb6 28.Nf3 Qc7 29.Nd2 Qb6 30.Be4 Bxe4
31.Rxe4 Kh7 32.Re6 Qd8 33.R1e2 Rg7 34.h4 Qb6 35.f5 gxf5 36.Qe3 Nb3 37.Rxh6+ Kg8
38.Qe6+  1-0

[Event "IMA2"]
[Site "Marianske Lazne CZE"]
[Date "2005.01.30"]
[Round "9"]
[White "Czerwonski,A"]
[Black "Pribyl,Jo"]
[Result "1/2-1/2"]
[WhiteElo "2390"]
[BlackElo "2408"]

1.d4 f5 2.c4 Nf6 3.Nf3 g6 4.g3 Bg7 5.Bg2 O-O 6.O-O d6 7.Nc3 Qe8 8.d5 Na6
9.Rb1 Bd7 10.b4 c6 11.dxc6 bxc6 12.a3 Nc7 13.Bb2 Rd8 14.b5 Ne6 15.a4 Rb8
16.Qc2 f4 17.Ba3 g5 18.Rbd1 Qc8 19.Qa2 Kh8 20.Bc1 a6 21.bxc6 Bxc6 22.Nd5 Rb7
23.gxf4 Nxf4 24.Nxf4 gxf4 25.Qc2  1/2-1/2

[Event "10th HIT Open A"]
[Site "Nova Gorica SLO"]
[Date "2005.01.30"]
[Round "4"]
[White "Srebrnic,A"]
[Black "De Val,D"]
[Result "1/2-1/2"]
[WhiteElo "2226"]
[BlackElo "2144"]

1.Nf3 f5 2.d4 Nf6 3.g3 g6 4.Bg2 Bg7 5.O-O O-O 6.c4 d6 7.Nc3 Nc6 8.d5 Na5
9.Qd3 c5 10.Nd2 e5 11.dxe6 Bxe6 12.Rd1 Qe7 13.b3 Rad8 14.Bb2 Nc6 15.Nf1 Nb4
16.Qd2 d5 17.cxd5 Nfxd5 18.Nxd5 Bxd5 19.Bxg7 Qxg7 20.Ne3 Bc6 21.Qxd8 Rxd8
22.Rxd8+ Kf7 23.Rad1 Qb2 24.Bxc6 Nxc6 25.R8d2 Qc3 26.Rd7+ Ke8 27.Nd5 Qe5
28.Nc7+ Kf8 29.e3 g5 30.Rxh7 f4 31.exf4 gxf4 32.Kf1 Qe4 33.Rh4 Qh1+ 34.Ke2 f3+
35.Kd2 Qg2 36.Ke3 Nd4 37.Rf4+ Kg8 38.Rd2 Qf1 39.Nd5 Qe1+ 40.Kd3 Qb1+ 41.Ke3 Qc1
42.Kd3 Qb1+ 43.Ke3 Qe1+  1/2-1/2

[Event "FSIMB February"]
[Site "Budapest HUN"]
[Date "2005.02.09"]
[Round "5"]
[White "Szeberenyi,A"]
[Black "Johannesson,I"]
[Result "1/2-1/2"]
[WhiteElo "2357"]
[BlackElo "2315"]

1.d4 f5 2.g3 Nf6 3.Bg2 g6 4.Nf3 Bg7 5.O-O O-O 6.c4 d6 7.Nc3 Qe8 8.Nd5 Nxd5
9.cxd5 Nd7 10.Qc2 Nb6 11.Qxc7 Nxd5 12.Qc4 e6 13.Qb3 b5 14.Bd2 a5 15.Rac1 Bb7
16.Qd3 Qd7 17.Ng5 h6 18.Nh3 g5 19.f4 g4 20.Nf2 b4 21.Rfe1 Nf6 22.e4 d5 23.e5 Ne4
24.Be3 Rfc8 25.Qb1 Nxf2 26.Kxf2 Ra6  1/2-1/2

[Event "ch-BLR"]
[Site "Minsk BLR"]
[Date "2005.03.05"]
[Round "2"]
[White "Tihonov,J"]
[Black "Trifonov,D"]
[Result "1-0"]
[WhiteElo "2454"]
[BlackElo "2347"]

1.d4 f5 2.Nf3 Nf6 3.g3 g6 4.Bg2 Bg7 5.O-O O-O 6.c4 d6 7.Nc3 Nc6 8.d5 Na5
9.Qd3 c5 10.b3 Bd7 11.Rb1 Rc8 12.Bb2 b6 13.Ba1 f4 14.gxf4 Bh6 15.Ng5 Nh5
16.e3 Bf5 17.Nce4 Qd7 18.Ne6 Rf7 19.Qc3 Ng7 20.N4g5 Rf6 21.Nxg7 Bxg7 22.e4 h6
23.exf5 hxg5 24.fxg5 Rf7 25.f6 exf6 26.gxf6 Bxf6 27.Qg3 Bxa1 28.Bh3 Qd8 29.Rxa1 Rcc7
30.Be6 Kg7 31.Bxf7 Rxf7 32.Rae1 Rf8 33.f4 Qf6 34.Re6 Qd4+ 35.Kh1 g5 36.Qh3 Rxf4
37.Qh6+  1-0

[Event "NWAPA Rector Cup"]
[Site "St Petersburg RUS"]
[Date "2005.03.08"]
[Round "7"]
[White "Bets,A"]
[Black "Melnikov,D"]
[Result "1-0"]
[WhiteElo "2365"]
[BlackElo "2301"]

1.d4 f5 2.g3 Nf6 3.Bg2 g6 4.Nf3 Bg7 5.O-O O-O 6.c4 d6 7.Nc3 Qe8 8.d5 Na6
9.Nd4 Nc5 10.b4 Nfe4 11.Ncb5 Na6 12.f3 Nf6 13.Rb1 c6 14.Nc3 c5 15.bxc5 Nxc5
16.Ncb5 Qd8 17.Be3 Bd7 18.Qd2 a6 19.Nc3 Qa5 20.Nb3 Nxb3 21.Rxb3 Qc7 22.Qd3 Rfc8
23.Rb4 a5 24.Bb6 axb4 25.Bxc7 Rxc7 26.Nb1 Rxa2 27.Qb3 Rxe2 28.Qxb4 b5 29.Nc3 Rxc4
30.Qa5 Rc2 31.Nxb5 Bf8 32.Rb1 Rc1+ 33.Rxc1 Rxc1+ 34.Bf1 Rc5 35.Qa6 Nxd5 36.Nd4 Bg7
37.Nb3 Rc6 38.Qb7 Nf6 39.Bb5 Rc3 40.Bxd7 Nxd7 41.Qxd7 Kf7 42.Qb7 Ke6 43.Kf1 Kf7
44.f4 Ke6 45.Na5 Rc1+ 46.Ke2 Rc2+ 47.Kd1 Rxh2 48.Nc6 Bf6 49.Nd8+  1-0

[Event "ch-BLR"]
[Site "Minsk BLR"]
[Date "2005.03.14"]
[Round "11"]
[White "Maiorov,N"]
[Black "Trifonov,D"]
[Result "1-0"]
[WhiteElo "2457"]
[BlackElo "2347"]

1.d4 f5 2.c4 Nf6 3.Nf3 g6 4.g3 Bg7 5.Bg2 O-O 6.O-O d6 7.Nc3 Nc6 8.d5 Na5
9.Nd2 c5 10.Qc2 e5 11.dxe6 Bxe6 12.b3 Nc6 13.Bb2 Qe8 14.a3 Nd4 15.Qc1 Ne4
16.Ndxe4 fxe4 17.Qd1 Bf5 18.e3 Nf3+ 19.Bxf3 exf3 20.Qxf3 Qc6 21.Nd5 Qd7 22.Bxg7 Qxg7
23.Qe2 Be4 24.f4 Rae8 25.Qd2 Re6 26.Nc3 Bc6 27.Nd5 b5 28.Rae1 Rfe8 29.f5 gxf5
30.Rxf5 bxc4 31.bxc4 Bxd5 32.Rxd5 Qe7 33.Rd3 Rf8 34.Rf1 Rxf1+ 35.Kxf1 Qf6+
36.Kg1 Qa1+ 37.Kg2 Qe5 38.Qc3 Qf5 39.Rd5 Qe4+ 40.Kf2 h6 41.Rd1 Qf5+ 42.Kg1 Qf3
43.Re1 Rf6 44.Qd2 Kg7 45.Qg2 Qf5 46.Qb7+ Rf7 47.Qb2+ Kg6 48.Qb1 Qxb1 49.Rxb1 Rf3
50.Rd1 Rxe3 51.Rxd6+ Kg5 52.a4 Ra3 53.Ra6 Rc3 54.Kg2 Rxc4 55.Rxa7 h5 56.h4+ Kg6
57.Kf3 Rc3+ 58.Kf4 Ra3 59.Ra6+ Kg7 60.Ra5 Kg6 61.Ra6+ Kg7 62.a5 c4 63.Kf5 Rxg3
64.Ra7+ Kh6 65.a6 c3 66.Rc7 Rg6 67.a7 Ra6 68.Rc6+  1-0

[Event "ch-EU"]
[Site "Cork IRL"]
[Date "2005.03.27"]
[Round "6"]
[White "D'Costa,L"]
[Black "Bartel,Mat"]
[Result "0-1"]
[WhiteElo "2356"]
[BlackElo "2482"]

1.d4 f5 2.g3 Nf6 3.Bg2 g6 4.c4 Bg7 5.Nf3 O-O 6.O-O d6 7.Nc3 Na6 8.b3 c5 9.Bb2 cxd4
10.Nxd4 Nc5 11.e3 a5 12.Ndb5 Bd7 13.Qc2 Bc6 14.Rad1 Qd7 15.Nd4 Bxg2 16.Kxg2 Rfc8
17.Qe2 a4 18.b4 Nce4 19.Ncb5 Ng5 20.f3 Nf7 21.c5 d5 22.f4 Ne4 23.Nc3 e6 24.Rc1 e5
25.Nf3 Nxc3 26.Bxc3 Re8 27.Qd2 Rad8 28.fxe5 Nxe5 29.Nxe5 Bxe5 30.Bxe5 Rxe5
31.Rf4 Qe6 32.Rc3 Re4 33.b5 d4 34.Rxe4 Qxe4+ 35.Kh3 dxc3 36.Qxd8+ Kg7 37.c6 c2
38.Qd2 bxc6 39.Qc3+ Kh6 40.b6 Qg4+ 41.Kg2 Qe2+  0-1